Заметки в пути на Южный берег Крыма (Запись № 13639566)
[ простой вид ]
| 000 -МАРКЕР | |
|---|---|
| контрольное поле | 02095nam0a2200349 4500 |
| 001 - ИДЕНТИФИКАТОР ЗАПИСИ | |
| контрольное поле | RU\NLR\BIBL_A\022710236 |
| 005 - ИДЕНТИФИКАТОР ВЕРСИИ | |
| контрольное поле | 20260322050757.0 |
| 010 ## - МЕЖДУНАРОДНЫЙ СТАНДАРТНЫЙ НОМЕР КНИГИ (ISBN) | |
| Номер (ISBN) | 978-5-6052300-9-0 |
| Тираж | 650 |
| 010 ## - МЕЖДУНАРОДНЫЙ СТАНДАРТНЫЙ НОМЕР КНИГИ (ISBN) | |
| Номер (ISBN) | 978-966-1691-90-1 |
| Уточнения | серия |
| 035 ## - ДРУГИЕ СИСТЕМНЫЕ НОМЕРА | |
| Идентификатор записи | (NLR Aleph) 022710236 |
| 100 ## - ДАННЫЕ ОБЩЕЙ ОБРАБОТКИ | |
| Данные общей обработки | 20260128d2024 m y0rusy50 ca |
| 101 0# - ЯЗЫК РЕСУРСА | |
| Язык текста, звукозаписи и т.д. | русский |
| 102 ## - СТРАНА ПУБЛИКАЦИИ ИЛИ ПРОИЗВОДСТВА | |
| Страна публикации | российская федерация |
| 105 ## - ПОЛЕ КОДИРОВАННЫХ ДАННЫХ: ТЕКСТОВЫЕ МАТЕРИАЛЫ, МОНОГРАФИЧЕСКИЕ | |
| Кодированные данные о монографическом текстовом документе | abchz 000zy |
| 181 #0 - ПОЛЕ КОДИРОВАННЫХ ДАННЫХ: ВИД СОДЕРЖАНИЯ | |
| Код вида содержания (ISBD) | i3 |
| Код характеристики содержания (ISBD) | axxe |
| 182 #0 - ПОЛЕ КОДИРОВАННЫХ ДАННЫХ: ТИП СРЕДСТВА | |
| Код типа средства (ISBD) | n - непосредственное |
| 200 1# - ЗАГЛАВИЕ И СВЕДЕНИЯ ОБ ОТВЕТСТВЕННОСТИ | |
| Основное заглавие | Заметки в пути на Южный берег Крыма |
| Первые сведения об ответственности | сочинение К. Жукова |
| Последующие сведения об ответственности | [составитель Г. Г. Филатова] |
| 203 ## - ВИД СОДЕРЖАНИЯ И ТИП СРЕДСТВА | |
| Вид содержания | Текст |
| Дополнительные сведения об издании | визуальный |
| Тип средства | непосредственный |
| 210 ## - ПУБЛИКАЦИЯ, РАСПРОСТРАНЕНИЕ И ДР. | |
| Место издания, распространения и т.д. | Симферополь |
| Имя издателя, распространителя и т. д. | Н.Орiанда |
| Дата издания, распространения и т.д. | 2024 |
| 215 ## - ФИЗИЧЕСКАЯ ХАРАКТЕРИСТИКА | |
| Специфическое обозначение материала и объем | 142, [1] с. |
| Другие сведения о физической характеристике | ил., карты, портр., факс. |
| Размеры | 15 |
| 225 1# - СЕРИЯ | |
| Основное заглавие серии | Крымские путешествия |
| 311 ## - ПРИМЕЧАНИЯ, ОТНОСЯЩИЕСЯ К ПОЛЯМ СВЯЗИ (ПРИМЕЧАНИЯ О СВЯЗИ С ДРУГИМИ ПРОИЗВЕДЕНИЯМИ (ИЗДАНИЯМИ)) | |
| Текст примечания | На обороте тит. л.: Печатается по: Заметки в пути на Южный берег Крыма / соч. К. Жукова. - Санкт-Петербург: в печати В. Головина, 1865 |
| 333 ## - ПРИМЕЧАНИЯ ОБ ОСОБЕННОСТЯХ РАСПРОСТРАНЕНИЯ И ИСПОЛЬЗОВАНИЯ | |
| Текст примечания | 16+ |
| 451 #0 - ДРУГОЕ ИЗДАНИЕ [КАТАЛОГИЗИРУЕМОГО ДОКУМЕНТА] НА АНАЛОГИЧНОМ НОСИТЕЛЕ | |
| Встроенное поле | 2001#$aЗаметки в пути на Южный берег Крыма$fсоч. К. Жукова |
| -- | 210##$aСанкт-Петербург$cв печати В. Головина$d1865 |
| -- | 700#1$aЖуков$bК.$gКонстантин$f19 в.$cлитератор, путешественник$3RU\NLR\AUTH\770171489 |
| Заглавие | Заметки в пути на Южный берег Крыма |
| Автор | Жуков, Константин (литератор, путешественник ; 19 в.) |
| 607 ## - ГЕОГРАФИЧЕСКОЕ НАИМЕНОВАНИЕ КАК ПРЕДМЕТ | |
| Географическое наименование | Крымский полуостров (Юг Восточной Европы) |
| Тематический подзаголовок | Описание и путешествия |
| Географический подзаголовок | Южное побережье |
| Хронологический подзаголовок | 19 в. |
| Системный номер авторитетной/нормативной записи | 2321827 |
| Идентификатор авторитетной/нормативной записи | RU\NLR\AUTH\6601613788 |
| 686 1# - ИНДЕКСЫ ДРУГИХ КЛАССИФИКАЦИЙ | |
| Индекс | Д890(237)02 |
| 700 #1 - ИМЯ ЛИЦА - ПЕРВИЧНАЯ ОТВЕТСТВЕННОСТЬ | |
| Начальный элемент ввода | Жуков |
| Часть имени, кроме начального элемента ввода | К. |
| Дополнения к именам, кроме дат | литератор, путешественник |
| Даты | 19 в. |
| Расширение инициалов личного имени | Константин |
| Системный номер авторитетной/нормативной записи | 171439 |
| Идентификатор авторитетной/нормативной записи | RU\NLR\AUTH\770171489 |
| 942 ## - ДОПОЛНИТЕЛЬНЫЕ ЭЛЕМЕНТЫ ЗАПИСИ (АБИС) | |
| Тип экземпляра АБИС | Книга |
| 980 ## - КОЛЛЕКЦИЯ | |
| Название коллекции | Национальная библиография |
Нет доступных экземпляров.